00593 2200229 4500001002100000005001700021008004100038035002400079082001100103090002100114100001200135245006100147250001100208260003300219300002400252650003200276700001100308850001200319980001100331985000600342999001500348YOGYA-0209000002551620090227023945.0 ind  0010-020900000025516 a028.55 a028.55bKos ClK aKOSWARA aCerahnya kemarau panjangcoleh Koswara; Ilustrasi Dedi K aCet. 2 aJakartabPustaka Agungc1993 a77 hlmbilusc21 cm aCerita rakyat - kanak-kanak aDedi K aYOPDYOG a211206 a1 a06A0018330